Effect of water stress on growth yield and yield components of some maize varieties / (Record no. 179660)
[ view plain ]
| 000 -LEADER | |
|---|---|
| fixed length control field | 01419namaa22003251i 4500 |
| 005 - أخر تعامل مع التسجيلة | |
| control field | 20260422095612.0 |
| 008 - FIXED-LENGTH DATA ELEMENTS--GENERAL INFORMATION | |
| fixed length control field | 260422s1995 ua a|||frm||| 000 0 eng d |
| 040 ## - CATALOGING SOURCE | |
| Original cataloguing agency | EG-GICUC |
| Language of cataloging | eng |
| Transcribing agency | EG-GICUC |
| Modifying agency | EG-GICUC |
| Description conventions | rda |
| 041 0# - LANGUAGE CODE | |
| Language code of text/sound track or separate title | eng |
| Language code of summary or abstract | eng |
| -- | ara |
| 049 ## - Acquisition Source | |
| Acquisition Source | Deposit |
| 097 ## - Degree | |
| Degree | M.Sc |
| 099 ## - LOCAL FREE-TEXT CALL NUMBER (OCLC) | |
| Local Call Number | Cai01.07.01.M.Sc.1995.Mo.E |
| 100 0# - MAIN ENTRY--PERSONAL NAME | |
| Authority record control number or standard number | Mahmoud El Gouhary Ragab Mekel, |
| Preparation | preparation. |
| 245 10 - TITLE STATEMENT | |
| Title | Effect of water stress on growth yield and yield components of some maize varieties / |
| Statement of responsibility, etc. | By Mahmoud El Gouhary Ragab Mekel ; Supervised Dr. Ahmed H. El-Hattab, Dr. N.A. Khalil, Dr. M.S. Abdl-Raouf |
| 246 15 - VARYING FORM OF TITLE | |
| Title proper/short title | تأثير الاجهاد المائي علي نمو ومحصول بعض أصناف الذرة الشامية |
| 264 #0 - PRODUCTION, PUBLICATION, DISTRIBUTION, MANUFACTURE, AND COPYRIGHT NOTICE | |
| Date of production, publication, distribution, manufacture, or copyright notice | 1995. |
| 300 ## - PHYSICAL DESCRIPTION | |
| Extent | 136 Leaves |
| Other physical details | illustrations |
| Dimensions | 30 cm. + |
| 336 ## - CONTENT TYPE | |
| Source | rda content |
| Content type term | text |
| 337 ## - MEDIA TYPE | |
| Source | rdamedia |
| Media type term | Unmediated |
| 338 ## - CARRIER TYPE | |
| Source | rdacarrier |
| Carrier type term | volume |
| 502 ## - DISSERTATION NOTE | |
| Dissertation note | Thesis (M.Sc.)-Cairo University, 1995 |
| 504 ## - BIBLIOGRAPHY, ETC. NOTE | |
| Bibliography, etc. note | Bibliography: pages 123-136 |
| 653 #0 - INDEX TERM--UNCONTROLLED | |
| Uncontrolled term | growth yield and yield components of some maize varieties |
| -- | maize varieties |
| 700 0# - ADDED ENTRY--PERSONAL NAME | |
| Personal name | Ahmed H. El-Hattab |
| Relator term | thesis advisor. |
| 700 0# - ADDED ENTRY--PERSONAL NAME | |
| Personal name | N.A. Khalil |
| Relator term | thesis advisor. |
| 700 0# - ADDED ENTRY--PERSONAL NAME | |
| Personal name | M.S. Abdl-Raouf |
| Relator term | thesis advisor. |
| 900 ## - Thesis Information | |
| Department | Department of Agronomy |
| Faculties | Faculty of Agriculture |
| Universities | Cairo University |
| Grant date | 1995 |
| Supervisory body | Ahmed H. El-Hattab |
| -- | N.A. Khalil |
| -- | M.S. Abdl-Raouf |
| 905 ## - Cataloger and Reviser Names | |
| Cataloger Name | Nehad |
| 942 ## - ADDED ENTRY ELEMENTS (KOHA) | |
| Source of classification or shelving scheme | Dewey Decimal Classification |
| Koha item type | Thesis |
| Edition | 21 |
| Suppress in OPAC | No |
| Source of classification or shelving scheme | Home library | Current library | Date acquired | Inventory number | Full call number | Barcode | Date last seen | Effective from | Koha item type |
|---|---|---|---|---|---|---|---|---|---|
| Dewey Decimal Classification | المكتبة المركزبة الجديدة - جامعة القاهرة | مكتبة المئوية | 22.04.2026 | 26104 | Cai01.07.01.M.Sc.1995.Mo.E | 01010110026104000 | 22.04.2026 | 22.04.2026 | Thesis |